Moderný marketing profesionálneho poradenstva

Gespeichert in:
Bibliographische Detailangaben
1. Verfasser: Tkáčiková, Jarmila
Format: Buchkapitel
Sprache:Slowakisch
Schlagworte:
Tags: Tag hinzufügen
Keine Tags, Fügen Sie das erste Tag hinzu!

MARC

LEADER 00000naa$a2200000$$$4500
001 0106565
005 20240502072159.9
041 0 |a slo 
044 |a SK 
245 1 0 |a Moderný marketing profesionálneho poradenstva  |c Jarmila Tkáčiková 
500 |a Abstrakt 
610 2 0 |a marketing 
610 2 0 |a poradenstvo profesionálne 
100 1 |a Tkáčiková, Jarmila